[Event "Subcarpathian-chT"]
[Site "Bystre"]
[Date "2021.06.12"]
[Round "7.22"]
[White "Lach, Mateusz"]
[Black "Gluch, Pawel"]
[Result "1/2-1/2"]
[WhiteElo "1652"]
[BlackElo "1654"]
[PlyCount "78"]
[EventDate "2021.06.09"]
[EventType "team-tourn"]
[EventRounds "9"]
[EventCountry "POL"]
[SourceTitle "EXT 2022"]
[Source "ChessBase"]
[SourceDate "2021.10.06"]
[SourceVersion "1"]
[SourceVersionDate "2021.10.06"]
[SourceQuality "1"]

1. d4 Nf6 2. c4 g6 3. e3 Bg7 4. Nc3 0-0 5. Be2 d5 6. Bd2 c6 7. c5 b6 8. b4 a5 9. a3 axb4 10. axb4 Rxa1 11. Qxa1 b5 12. f4 Bf5 13. Nf3 Nbd7 14. 0-0 Qa8 15. Qb2 Qb7 16. Ra1 Ra8 17. Ra3 Ne8 18. Qa1 Rxa3 19. Qxa3 Nc7 20. Na2 f6 21. Nc1 Bc2 22. Bd3 Bd1 23. f5 Kf7 24. Qa2 e6 25. fxe6+ Nxe6 26. Bc2 Bxc2 27. Qxc2 f5 28. Qa2 h6 29. Nb3 Bf6 30. h3 Bd8 31. Be1 Bc7 32. Nc1 Ng5 33. Nxg5+ hxg5 34. Ne2 Nf6 35. Bg3 Bxg3 36. Nxg3 g4 37. Qa5 Qb8 38. Ne2 gxh3 39. gxh3 g5 1/2-1/2

[Event "Subcarpathian-chT"]
[Site "Bystre"]
[Date "2021.06.12"]
[Round "6.16"]
[White "Wojciechowski, Beniamin"]
[Black "Lach, Mateusz"]
[Result "0-1"]
[WhiteElo "1842"]
[BlackElo "1652"]
[PlyCount "64"]
[EventDate "2021.06.09"]
[EventType "team-tourn"]
[EventRounds "9"]
[EventCountry "POL"]
[SourceTitle "EXT 2022"]
[Source "ChessBase"]
[SourceDate "2021.10.06"]
[SourceVersion "1"]
[SourceVersionDate "2021.10.06"]
[SourceQuality "1"]

1. e4 e6 2. d4 d5 3. e5 c5 4. f4 cxd4 5. Nf3 Bb4+ 6. Nbd2 Nc6 7. Bd3 g6 8. 0-0 Nge7 9. a3 Ba5 10. Qe2 Bd7 11. b4 Bb6 12. Bb2 a6 13. Kh1 Rc8 14. Nb3 Nf5 15. Rfe1 Qe7 16. g4 Ne3 17. Nfxd4 Nxd4 18. Bxd4 Bxd4 19. Nxd4 Nc4 20. Reb1 h5 21. g5 Qd8 22. Kg2 Qb6 23. Qf2 Ba4 24. h4 0-0 25. Ra2 Rc7 26. Kf1 Rfc8 27. Ke1 Qa7 28. Ke2 Nxa3 29. Rc1 Rc3 30. Qg1 Bxc2 31. Bxc2 Nxc2 32. Kd2 Nxd4 0-1

[Event "POL-chT3 Podkarpackie"]
[Site "Czudec"]
[Date "2016.06.18"]
[Round "6.15"]
[White "Rogus, Sylwester"]
[Black "Lach, Mateusz"]
[Result "0-1"]
[WhiteElo "1609"]
[BlackElo "1426"]
[PlyCount "98"]
[EventDate "2016.05.27"]
[EventType "team-tourn"]
[EventRounds "9"]
[EventCountry "POL"]
[SourceTitle "EXT 2018"]
[Source "ChessBase"]
[SourceDate "2017.10.13"]
[SourceVersion "1"]
[SourceVersionDate "2017.10.13"]
[SourceQuality "1"]
[WhiteTeam "Pilzno GKSz Hetman II"]
[BlackTeam "Bystrowice"]
[WhiteTeamCountry "POL"]
[BlackTeamCountry "POL"]

1. e4 e6 2. Nf3 d5 3. exd5 exd5 4. d4 Nf6 5. Bd3 Bd6 6. 0-0 0-0 7. Bg5 Bg4 8. Nbd2 Nbd7 9. Re1 Re8 10. Nf1 Rxe1 11. Qxe1 Bxf3 12. gxf3 c6 13. Ng3 Qc7 14. Kh1 Bf4 15. Bxf4 Qxf4 16. Qe3 Qxe3 17. fxe3 g6 18. Kg2 Re8 19. Kf2 Kg7 20. a4 b6 21. b4 c5 22. bxc5 bxc5 23. Rb1 c4 24. Bf1 h5 25. Rb7 Rb8 26. Rxa7 Rb2 27. Bh3 Rxc2+ 28. Ne2 Nf8 29. a5 Ra2 30. Ke1 N8h7 31. Be6 Ng5 32. Nf4 Nxf3+ 33. Kd1 Ng5 34. Bxd5 Nxd5 35. Nxd5 Ne4 36. a6 c3 37. Nb4 Nf2+ 38. Kc1 Ra4 39. Rb7 Rxb4 40. Rxb4 Nd3+ 41. Kd1 c2+ 42. Kd2 c1Q+ 43. Kxd3 Qa3+ 44. Kc4 Qxa6+ 45. Rb5 Qa2+ 46. Kc5 Qxh2 47. Rb6 Qe2 48. d5 Qxe3+ 49. Kc6 Kf6 0-1

[Event "POL-chT3 Podkarpackie"]
[Site "Czudec"]
[Date "2016.05.28"]
[Round "2.28"]
[White "Gawiec, Konrad"]
[Black "Lach, Mateusz"]
[Result "1-0"]
[WhiteElo "1987"]
[BlackElo "1426"]
[PlyCount "126"]
[EventDate "2016.05.27"]
[EventType "team-tourn"]
[EventRounds "9"]
[EventCountry "POL"]
[SourceTitle "EXT 2018"]
[Source "ChessBase"]
[SourceDate "2017.10.13"]
[SourceVersion "1"]
[SourceVersionDate "2017.10.13"]
[SourceQuality "1"]
[WhiteTeam "Czarna LKSz GCKiP II"]
[BlackTeam "Bystrowice"]
[WhiteTeamCountry "POL"]
[BlackTeamCountry "POL"]

1. Nf3 e6 2. g3 d5 3. Bg2 c5 4. 0-0 Nf6 5. d4 Nc6 6. b3 cxd4 7. Nxd4 Be7 8. Bb2 0-0 9. Nd2 Nxd4 10. Bxd4 Nd7 11. c4 Bf6 12. Bxf6 Nxf6 13. e4 dxe4 14. Nxe4 Qe7 15. Qd6 Qxd6 16. Nxd6 Rb8 17. c5 Ne8 18. Rac1 Nc7 19. Rfd1 Na6 20. a3 Nc7 21. b4 a6 22. Rd3 g6 23. Rcd1 Kg7 24. a4 Kf6 25. f4 h5 26. Nc4 Nd5 27. Bxd5 exd5 28. Rxd5 Be6 29. Rd6 Ke7 30. Nb6 Rfd8 31. Kf2 Bg4 32. R1d3 Rh8 33. h4 Rhd8 34. Ke3 Bf5 35. Rd2 Be6 36. Ke4 Bf5+ 37. Ke5 f6+ 38. Kd5 Be6+ 39. Ke4 Bf5+ 40. Ke3 Re8 41. Kf2 Kf7 42. Nd5 Be6 43. Nc7 Re7 44. Nxe6 Rxe6 45. Rxe6 Kxe6 46. Rd6+ Ke7 47. Ke3 Rc8 48. Kd4 Rb8 49. Kc4 Kf7 50. Rb6 Rc8 51. Rxb7+ Ke6 52. Rb6+ Kf5 53. Rxa6 Kg4 54. Rxf6 Kxg3 55. Rxg6+ Kxh4 56. b5 Kh3 57. b6 h4 58. b7 Rf8 59. c6 Kh2 60. c7 h3 61. c8Q Rxf4+ 62. Kb5 Rf3 63. b8Q+ Kh1 1-0

[Event "POL-chT3 Podkarpackie"]
[Site "Czudec"]
[Date "2016.05.27"]
[Round "1.4"]
[White "Juszczuk, Grzegorz"]
[Black "Lach, Mateusz"]
[Result "1-0"]
[WhiteElo "1861"]
[BlackElo "1426"]
[PlyCount "105"]
[EventDate "2016.05.27"]
[EventType "team-tourn"]
[EventRounds "9"]
[EventCountry "POL"]
[SourceTitle "EXT 2018"]
[Source "ChessBase"]
[SourceDate "2017.10.13"]
[SourceVersion "1"]
[SourceVersionDate "2017.10.13"]
[SourceQuality "1"]
[WhiteTeam "Tarnobrzeg"]
[BlackTeam "Bystrowice"]
[WhiteTeamCountry "POL"]
[BlackTeamCountry "POL"]

1. d4 e6 2. Nf3 d5 3. Bf4 c5 4. e3 Nc6 5. Be2 a6 6. 0-0 c4 7. a4 Bd7 8. b3 b5 9. c3 f5 10. Ne5 Nf6 11. Nd2 Be7 12. Bh5+ g6 13. Bf3 Qc8 14. Qc2 0-0 15. Qa2 Nxe5 16. dxe5 Ne4 17. Bxe4 fxe4 18. a5 h5 19. h3 Kh7 20. b4 g5 21. Bg3 Be8 22. f3 exf3 23. Nxf3 Bg6 24. Nd4 Bd3 25. Rxf8 Bxf8 26. Qf2 Bf5 27. Nxf5 exf5 28. Qf3 Qe6 29. Qxh5+ Bh6 30. Rd1 Rf8 31. Rd4 Rd8 32. Qf3 Kg6 33. h4 g4 34. Qf2 Bg7 35. Qf4 Bh6 36. Qf2 Bf8 37. Bf4 Be7 38. g3 Kh5 39. Qd2 Bf8 40. Kf2 Bg7 41. e4 fxe4 42. Rxe4 Rf8 43. Rd4 Rf5 44. Rxd5 Bxe5 45. Rc5 Bxf4 46. Qxf4 Rxc5 47. bxc5 Kg6 48. Qd6 Kf6 49. h5 b4 50. cxb4 c3 51. Qxe6+ Kxe6 52. Ke2 Kd5 53. Kd3 1-0

[Event "POL-chT U26 rapid"]
[Site "Hucisko"]
[Date "2016.01.16"]
[Round "6.21"]
[White "Lach, Mateusz"]
[Black "Obrusnik, Michal"]
[Result "1-0"]
[WhiteElo "1426"]
[BlackElo "2276"]
[PlyCount "123"]
[EventDate "2016.01.16"]
[EventType "team-swiss (rapid)"]
[EventRounds "9"]
[EventCountry "POL"]
[SourceTitle "CBM 170 Extra"]
[Source "ChessBase"]
[SourceDate "2016.02.25"]
[SourceVersion "1"]
[SourceVersionDate "2016.02.25"]
[SourceQuality "1"]
[WhiteTeam "Rzeszow URz"]
[BlackTeam "Gliwice Politechnika Slaska"]
[WhiteTeamCountry "POL"]
[BlackTeamCountry "POL"]

1. d4 Nf6 2. c4 e6 3. e3 b6 4. Nc3 Bb7 5. Nf3 d5 6. Be2 Bd6 7. 0-0 0-0 8. h3 Nbd7 9. a3 c5 10. dxc5 bxc5 11. cxd5 exd5 12. b3 Re8 13. Bb2 a6 14. Rc1 Rc8 15. Na2 Qe7 16. b4 Ne4 17. Qa4 cxb4 18. axb4 Nb6 19. Qb3 Nc4 20. Rfd1 Nxb2 21. Qxb2 h6 22. Qd4 Ra8 23. Bd3 Ng5 24. Nxg5 hxg5 25. Qg4 g6 26. Rb1 a5 27. b5 a4 28. b6 a3 29. Bb5 Red8 30. Rdc1 Ra5 31. Bc6 Bxc6 32. Rxc6 Qe5 33. g3 Qe6 34. Qxe6 fxe6 35. b7 Bb8 36. Rc8 Rf8 37. Rbc1 Bd6 38. Rxf8+ Kxf8 39. b8Q+ Bxb8 40. Rc8+ Ke7 41. Rxb8 Rc5 42. Ra8 d4 43. exd4 Rc4 44. Rxa3 Rxd4 45. Kg2 g4 46. h4 Kf6 47. Re3 g5 48. hxg5+ Kxg5 49. Rxe6 Rd3 50. Re3 Rd2 51. Nc3 Kf5 52. Ne2 Ra2 53. Nd4+ Kg5 54. Ne2 Rc2 55. Nf4 Ra2 56. Re5+ Kf6 57. Re6+ Kf5 58. Re8 Ra3 59. Nd5 Ra4 60. Ne3+ Kg5 61. Rg8+ Kh5 62. Rxg4 1-0